000 00687nac a22001811u 4500
082 _a621.3076
_bG9592
090 _c2933
_d2933
100 _aGupta ,J.B.
245 _aAn Integrated Course In Electrical Engineering /
_bJ.B.Gupta.
260 _aDelhi:[2000].
_bS.K.Kataria and sons,
_cc.[2000].
300 _a p:
_b25cm.
504 _aIncludes Index.
650 _aElectric engineering.
650 _aElectric engineering--Problems, exercises, etc.
700 _aGupta ,J.B.
942 _cBB
_k621.3076G9592
999 _c2933
_d2933